000
00351nam a2200145Ia 4500
008
230605s2000 xx 000 0 und d
041
_a
eng
100
_a
Tanke
245
_a
Human Resources Management for Hospitality Indu.
260
_b
Delmar pub.
_c
2000
300
_a
446p
520
_a
Hard Board
520
_a
Reference Copy
650
_a
M.M.
999
_c
420788
_d
420788